Villes des clubs de football - Statistiques

Statistiques générales
  • Ce quiz a été pris 240 fois
  • Le résultat moyen est 10 sur 14
Statistiques - réponses
Hint Réponse % Correct
Arsenal Londres
98%
Bayern Munich
95%
Lazio Rome
94%
Juventus Turin
93%
Betis Seville
90%
Everton Liverpool
82%
Fiorentina Florence
78%
Atalanta Bergame
76%
Rayo Vallecano Madrid
70%
Aston Villa Birmingham
58%
Wolves Wolverhampton
48%
Real Sociedad Saint Sebastien
44%
Osasuna Pampelune
33%
Alaves Vitoria
13%
Aucun quiz correspondant
Distribution des résultats
% des personnes avec chaque résultat
Percentile par nombre de réponses
Votre historique - résultats
Vous n’avez pas pris ce quiz